Štylistika súčasnej slovenčiny
Salvato in:
| Autore principale: | |
|---|---|
| Natura: | Libro |
| Lingua: | slovacco |
| Pubblicazione: |
Martin
Vydavateľstvo Osveta
2013
|
| Edizione: | 1. vydanie |
| Soggetti: | |
| Tags: |
Nessun Tag, puoi essere il primo ad aggiungerne!!
|
MARC
| LEADER | 00000nam a2200000 4500 | ||
|---|---|---|---|
| 001 | 0280171 | ||
| 005 | 20240416113605.6 | ||
| 020 | |a 978-80-8063-404-9 | ||
| 041 | 0 | |a slo | |
| 044 | |a SK | ||
| 245 | 1 | 0 | |a Štylistika súčasnej slovenčiny |c Ján Findra |
| 250 | |a 1. vydanie | ||
| 264 | 1 | |a Martin |b Vydavateľstvo Osveta |c 2013 | |
| 300 | |a 319 s. | ||
| 610 | 2 | 0 | |a jazykoveda |
| 610 | 2 | 0 | |a štylistika |
| 610 | 2 | 0 | |a komunikácia |
| 610 | 2 | 0 | |a lexikológia |
| 610 | 2 | 0 | |a slovotvorba |
| 610 | 2 | 0 | |a morfológia |
| 610 | 2 | 0 | |a slovenčina |
| 100 | 1 | |a Findra, Ján | |